| 000 | 00525pab a2200181 454500 | ||
|---|---|---|---|
| 008 | 180718b2012 xxu||||| |||| 00| 0 eng d | ||
| 100 | _aDaskon, Chandima | ||
| 245 | _aCultural capital and sustainable livelihoods in Sri Lanka's rural villages: Towards culturally aware development | ||
| 260 | _c2012 | ||
| 300 | _ap.549-563. | ||
| 362 | _aApr | ||
| 650 | _aRural areas - Sri Lanka | ||
| 650 | _aRural areas | ||
| 700 | _aMcGregor, Andrew | ||
| 773 | _aJournal of Development Studies | ||
| 908 | _aN | ||
| 909 | _a96179 | ||
| 999 |
_c96179 _d96179 |
||